Código de procedimiento penal: edición oficial, aprobada por decreto N§733, de 23 de julio de 1996, del Ministerio de Justicia

Gardado en:
Detalles Bibliográficos
Formato: Libro
Idioma:Lingua castelá
Publicado: Santiago Jurídica de Chile 2001
Edición:14a. ed
Subjects:
Tags: Engadir etiqueta
Sen Etiquetas, Sexa o primeiro en etiquetar este rexistro!

MARC

LEADER 00000nam a2200000 a 4500
001 UCN3663
003 CL-VaPUC
008 010706e20010300CL |||||||||||||||||spa|d
082 0 4 |a 345.8305  |b COD  |2 21 
245 1 0 |a Código de procedimiento penal: edición oficial, aprobada por decreto N§733, de 23 de julio de 1996, del Ministerio de Justicia 
250 |a 14a. ed 
300 |a 328 p 
942 |c BK 
945 |d 20010706 00:00:00  |a vberengu 
260 |a Santiago  |b Jurídica de Chile  |c 2001 
500 |a Incluye Apéndice actualizado a febrero de 2001 
650 0 |a Procedimiento penal  |9 254974 
650 0 |a Derecho procesal penal   |9 256392 
583 |a last modification  |c 20010706 00:00:00  |k Rodrigo Vera 
999 |c 296451  |d 296449 
952 |0 0  |1 0  |2 ddc  |4 0  |6 345_830500000000000_COD_2001  |7 0  |8 FOND_LRYV  |9 350228  |a BIBDER  |b BIBDER  |d 2019-11-20  |i 3739163  |o 345.8305 COD 2001  |p 3739163  |r 2023-01-25  |w 2019-11-20  |y BK_X  |k DER 
952 |0 0  |1 0  |2 ddc  |4 0  |6 345_830500000000000_COD_2001  |7 0  |8 FOND_LRYV  |9 350229  |a BIBDER  |b BIBDER  |d 2019-11-20  |i 3739171  |o 345.8305 COD 2001  |p 3739171  |r 2023-01-25  |w 2019-11-20  |y BK_X  |k DER